| 000 | 00895nam a22002177a 4500 | ||
|---|---|---|---|
| 999 |
_c2570 _d2570 |
||
| 003 | AR-CdUCM | ||
| 008 | 190304b ||||| |||| 00| 0 spa d | ||
| 040 |
_aMUNICIPALIDAD PROVINCIAL DEL CUSCO _cBIBLIOTECA MUNICIPAL DEL CUSCO |
||
| 082 |
_a323.3 / _bD13 |
||
| 100 |
_aDahrendorf, Ralf _96080 |
||
| 245 | _aLas clases sociales y su conflicto en la sociedad industrial / | ||
| 260 |
_aMadrid : _bEdiciones. Rialf, _c1962. |
||
| 300 |
_a339 paginas ; _c24 cm. |
||
| 505 | _aContenido :Las consecuencias de la industrialización -- La nueva clase media -- La nueva función de las instituciones docentes -- Sobre la psicología de las clases sociales -- Democracia industrial ... | ||
| 650 |
_aLuchas sociales _99086 |
||
| 650 |
_aAspectos sociales _9262 |
||
| 650 |
_aClases sociales _92411 |
||
| 700 |
_aTroyano de los Ríos, Manuel (traductor) _99087 |
||
| 942 |
_2ddc _cLIBROS |
||
| 945 | _arum | ||